<?xml version="1.0" encoding="UTF-8"?>
<marc:record xmlns:marc="http://www.loc.gov/MARC21/slim">
   <marc:leader>00000nam a2200000 a 4500</marc:leader>
   <marc:datafield ind1="1" ind2=" " tag="100">
      <marc:subfield code="a">Maynard, Frances</marc:subfield>
      <marc:subfield code="4">aut</marc:subfield>
      <marc:subfield code="e">Verfasser/-in</marc:subfield>
   </marc:datafield>
   <marc:datafield ind1="0" ind2="0" tag="245">
      <marc:subfield code="a">Miss Ellie meistert das Leben</marc:subfield>
   </marc:datafield>
   <marc:datafield ind1="0" ind2="0" tag="245">
      <marc:subfield code="b">Roman</marc:subfield>
   </marc:datafield>
   <marc:datafield ind1="0" ind2="0" tag="245">
      <marc:subfield code="c">Frances Maynard ; aus dem Englischen von Marie-Luise Bezzenberger</marc:subfield>
   </marc:datafield>
   <marc:datafield ind1=" " ind2="1" tag="264">
      <marc:subfield code="a">München</marc:subfield>
      <marc:subfield code="b">Goldmann</marc:subfield>
      <marc:subfield code="c">2019</marc:subfield>
   </marc:datafield>
   <marc:datafield ind1=" " ind2=" " tag="250">
      <marc:subfield code="a">1. Auflage, Taschenbuchausgabe</marc:subfield>
   </marc:datafield>
   <marc:datafield ind1="1" ind2=" " tag="520">
      <marc:subfield code="a">Angaben aus der Verlagsmeldung

Miss Ellie meistert das Leben : Roman The Seven Social Rules Spreadsheet / von Frances Maynard

Ellie Carr ist siebenundzwanzig und weiß alles über Kekse. Menschen hingegen liegen ihr überhaupt nicht. Denn Ellie ist Autistin. Als Ellies Mutter nach einem Schlaganfall im Krankenhaus liegt, muss die junge Frau erstmals ihr Schneckenhaus verlassen und selbst für sich sorgen. Sieben selbsterstellte »Regeln für den Umgang mit Menschen« helfen ihr dabei. Doch leider lassen sich die Menschen nicht so einfach in Schachteln ordnen wie Ellies heißgeliebte Kekse ...

Bereits erschienen unter dem Titel »Wie Ellie Carr zu leben lernt«.

</marc:subfield>
   </marc:datafield>
   <marc:datafield ind1=" " ind2=" " tag="020">
      <marc:subfield code="a">9783442486663</marc:subfield>
      <marc:subfield code="9">9783442486663</marc:subfield>
   </marc:datafield>
   <marc:datafield ind1=" " ind2=" " tag="020">
      <marc:subfield code="a">3442486661</marc:subfield>
      <marc:subfield code="9">3442486661</marc:subfield>
   </marc:datafield>
   <marc:datafield ind1=" " ind2=" " tag="300">
      <marc:subfield code="a">444 Seiten</marc:subfield>
   </marc:datafield>
</marc:record>
